Akta Eksais dan Peraturan-peraturan (Akta 176) : (Record no. 770)
[ view plain ]
| 000 -LEADER | |
|---|---|
| fixed length control field | nam a22 a 4500 |
| 003 - CONTROL NUMBER IDENTIFIER | |
| control field | AKMAL |
| 005 - DATE AND TIME OF LATEST TRANSACTION | |
| control field | 20170505094425.0 |
| 008 - FIXED-LENGTH DATA ELEMENTS--GENERAL INFORMATION | |
| fixed length control field | 17050 s2012 my | e l 000 0 may d |
| 020 ## - INTERNATIONAL STANDARD BOOK NUMBER | |
| International Standard Book Number | 9789677014064 (kkt.) : |
| Terms of availability | RM28.00 |
| 040 ## - CATALOGING SOURCE | |
| Original cataloging agency | AKMAL |
| 082 04 - DEWEY DECIMAL CLASSIFICATION NUMBER | |
| Classification number | 343.595056 MAL |
| Edition number | 22 |
| 090 00 - LOCALLY ASSIGNED LC-TYPE CALL NUMBER (OCLC); LOCAL CALL NUMBER (RLIN) | |
| Classification number (OCLC) (R) ; Classification number, CALL (RLIN) (NR) | 343.595056 |
| Local cutter number (OCLC) ; Book number/undivided call number, CALL (RLIN) | MAL |
| 110 1# - MAIN ENTRY--CORPORATE NAME | |
| Corporate name or jurisdiction name as entry element | Malaysia |
| 9 (RLIN) | 400 |
| 245 10 - TITLE STATEMENT | |
| Title | Akta Eksais dan Peraturan-peraturan (Akta 176) : |
| Remainder of title | semua pindaan hingga Mei, 2012 / |
| Statement of responsibility, etc. | disusun semula oleh : Penasihat Undang-Undang MDC |
| 250 ## - EDITION STATEMENT | |
| Edition statement | Ed. 2012 |
| 260 ## - PUBLICATION, DISTRIBUTION, ETC. | |
| Place of publication, distribution, etc. | Kuala Lumpur : |
| Name of publisher, distributor, etc. | MDC Publishers, |
| Date of publication, distribution, etc. | 2012 |
| 300 ## - PHYSICAL DESCRIPTION | |
| Extent | viii, 230ms. ; |
| Dimensions | 26cm. |
| 490 1# - SERIES STATEMENT | |
| Series statement | Undang-undang Malaysia |
| 650 10 - SUBJECT ADDED ENTRY--TOPICAL TERM | |
| Topical term or geographic name entry element | Excise tax |
| General subdivision | Law and legislation |
| Geographic subdivision | Malaysia |
| 9 (RLIN) | 623 |
| 650 20 - SUBJECT ADDED ENTRY--TOPICAL TERM | |
| Topical term or geographic name entry element | Tariff on liquors |
| 9 (RLIN) | 1636 |
| 710 2# - ADDED ENTRY--CORPORATE NAME | |
| Corporate name or jurisdiction name as entry element | Penasihat Undang-Undang MDC |
| 9 (RLIN) | 405 |
| 830 #0 - SERIES ADDED ENTRY--UNIFORM TITLE | |
| Uniform title | UNDANG-UNDANG MALAYSIA |
| 9 (RLIN) | 1675 |
| 942 ## - ADDED ENTRY ELEMENTS (KOHA) | |
| Source of classification or shelving scheme | |
| Koha item type | Book |
| 950 ## - LOCAL HOLDINGS (RLIN) | |
| Permanent shelving location, LOC (RLIN) | AKMAL |
| Withdrawn status | Lost status | Source of classification or shelving scheme | Damaged status | Not for loan | Collection code | Home library | Current library | Shelving location | Date acquired | Inventory number | Total Checkouts | Total Renewals | Full call number | Barcode | Date last seen | Date last checked out | Price effective from | Koha item type |
|---|---|---|---|---|---|---|---|---|---|---|---|---|---|---|---|---|---|---|
| NON-FICTION | AKMAL Melaka | AKMAL Melaka | PINJAMAN | 05.05.2017 | 306213 | 5 | 1 | 343.595056 MAL | 201701640 | 22.03.2019 | 01.03.2019 | 05.05.2017 | Book | |||||
| NON-FICTION | AKMAL Melaka | AKMAL Melaka | PINJAMAN | 05.05.2017 | 306214 | 4 | 1 | 343.595056 MAL | 201701639 | 29.08.2018 | 30.07.2018 | 05.05.2017 | Book | |||||
| NON-FICTION | AKMAL Melaka | AKMAL Melaka | PINJAMAN | 05.05.2017 | 306215 | 5 | 343.595056 MAL | 201701638 | 26.11.2018 | 12.11.2018 | 05.05.2017 | Book | ||||||
| NON-FICTION | AKMAL Melaka | AKMAL Melaka | PINJAMAN | 05.05.2017 | 306212 | 343.595056 MAL | 201704668 | 23.05.2017 | 05.05.2017 | Book |
